| 000 | 00440nam a2200157Ia 4500 | ||
|---|---|---|---|
| 008 | 230312s9999||||xx |||||||||||||| ||und|| | ||
| 020 | _a0-07-248585-x | ||
| 082 |
_a658.3 _bBYA |
||
| 100 | _aByars, Lioyd L | ||
| 245 | 0 | _aHuman Resource Management | |
| 260 |
_bMcGraw Hill _aNew York _c2004 |
||
| 300 | _a466 | ||
| 546 | _aEng. | ||
| 650 |
_aManagement _vIntroduction and Equal Employment Opportunity , Staffing the Organization |
||
| 942 | _cBK | ||
| 999 |
_c830 _d830 |
||